Cities mentioned in "The Heart of Rock n Roll" by Huey Lewis and the N - Statistics

General Stats
  • This quiz has been taken 30 times
  • The average score is 10 of 15
Answer Stats
Hint Answer % Correct
1 New York
91%
2 Los Angeles
86%
15 Detroit
82%
13 San Francisco
82%
14 Cleveland
77%
10 Austin
73%
12 Seattle
73%
7 Boston
68%
11 Oklahoma City
68%
8 Baton Rouge
64%
5 San Antonio
64%
4 Washington DC
64%
9 Tulsa
59%
3 Hollywood
36%
6 Liberty Town
32%
No matching quizzes found
Score Distribution
Percent of People with Each Score
Percentile by Number Answered
Your Score History
You have not taken this quiz